The path of the masters : (Record no. 242570)

MARC details
000 -LEADER
fixed length control field 00929nam a2200289 a 4500
001 - CONTROL NUMBER
control field vtls000284101
003 - CONTROL NUMBER IDENTIFIER
control field NLI
005 - DATE AND TIME OF LATEST TRANSACTION
control field 20210602125635.0
008 - FIXED-LENGTH DATA ELEMENTS--GENERAL INFORMATION
fixed length control field 101203s1974 ii a 000 0 eng
039 #9 - LEVEL OF BIBLIOGRAPHIC CONTROL AND CODING DETAIL [OBSOLETE]
-- 201012031846
-- VLOAD
040 0# - CATALOGING SOURCE
Original cataloging agency NLI
Language of cataloging eng
Transcribing agency Entertech-FY 2010
Description conventions AACR2
041 0# - LANGUAGE CODE
Language code of text/sound track or separate title eng
044 ## - COUNTRY OF PUBLISHING/PRODUCING ENTITY CODE
MARC country code ii
082 04 - DEWEY DECIMAL CLASSIFICATION NUMBER
Classification number 294.5
100 1# - MAIN ENTRY--PERSONAL NAME
Personal name Johnson, Julian P.
Fuller form of name (Julian Philip),
Dates associated with a name b. 1873
9 (RLIN) 316169
245 14 - TITLE STATEMENT
Title The path of the masters :
Remainder of title the science of Surat shabda yoga.-yoga of the Santon ki shiksha audible life steream /
Statement of responsibility, etc. Julian P. Johnson
250 ## - EDITION STATEMENT
Edition statement [4th rev. ed.]
260 ## - PUBLICATION, DISTRIBUTION, ETC.
Place of publication, distribution, etc. Amritsar :
Name of publisher, distributor, etc. Radha Soami Satsang Beas,
Date of publication, distribution, etc. 1974
300 ## - PHYSICAL DESCRIPTION
Extent xlix, 568 p. :
Other physical details ill. ;
Dimensions 23 cm.
500 ## - GENERAL NOTE
General note Glossary : p. 556.-568
650 #0 - SUBJECT ADDED ENTRY--TOPICAL TERM
Topical term or geographic name entry element Yoga
9 (RLIN) 297
887 ## - NON-MARC INFORMATION FIELD
Content of non-MARC field
901 ## - LOCAL DATA ELEMENT A, LDA (RLIN)
a DB26437
b 4.1.1975
902 ## - LOCAL DATA ELEMENT B, LDB (RLIN)
a E 294.5 J 633 (1)
949 ## - LOCAL PROCESSING INFORMATION (OCLC)
-- VIRTUAITEM
-- 10000
-- 100
6 DBA000026437ENG
942 ## - ADDED ENTRY ELEMENTS (KOHA)
Source of classification or shelving scheme Dewey Decimal Classification
Koha item type Books
Holdings
Withdrawn status Lost status Damaged status Not for loan Collection code Home library Current library Shelving location Date acquired Total Checkouts Full call number Barcode Date last seen Price effective from Koha item type
        New English National Library of India National Library of India New English - Main Stack Division     E 294.5 J 633 (1) DBA000026437ENG 02/06/2021 02/06/2021 Books
                                                                           
web counter

Copyright ©2020 The National Library of India, Govt. of India ↔ Hosted by NVLI, MOC ↔ Technology and Design by National Library of India, Ministry of Culture, Govt. of India